000 00890nam a22002537a 4500
005 20170123162317.0
010 _aA-688139
020 _c6.00
035 _aA-688139
037 _bCen Lib/Ret
040 _aDPL
_bUR
082 _a840.8
_bع ا ب
245 _aعابد علی خان :
_cمرتب مجتبی حسیں
_bشاکسیت اور ادبی خدمات /
246 _aAbid Ali Khan : shksiyat aur adabi khidmat /
_bedited by Mujtabi Husain
260 _aنیی دہلی
_bماہنامہ کتاب نما
270 _aجامہ نگر
_bنیی دہلی
_e110025
300 _a79p.
_c21cm(Hb)
650 _a ادب - اردو
_v
_9115195
650 _aاردو سونے عمری
_9108484
650 _aLiterature -- Urdu
_9115196
650 _aUrdu biography
_9511
700 _aمجتبی حسیں
_9115197
942 _2ddc
_cUR
_h840.8
_mع ا ب
999 _c106796
_d106796